000 00537nam a2200193Ia 4500
005 20250326142220.0
008 250326s9999 xx 000 0 und d
020 _a0-19-565192-8
037 _aTextbook
040 _aFMSL
_beng
_cFMSL
041 _aeng
_2eng
084 _aX P1
_qFMSL
100 _aNarayana N S S Ed.
245 0 _aEconomic policy and state intervention
_cNarayana N S S Ed.
260 _aNew
_bNew, Dellhi Oxford University
_c2001
300 _aix,559
942 _cTB
_hX P1
999 _c1293975
_d1293975